00505nam a22001577a 4500999001900000041001200019082001800031100002000049245004900069250001200118260004000130300001100170650003500181942000700216952012400223 c253115d253115 aEnglish a581.1bBLE/PL aBleasdale J K A aPlant Physiology in relation to Horticulture a2nd ed. aNew DelhibUnited Book Printsc2014 a143 p. aHorticultureaPlant Physiology cBK 00104070aKAUCOAbKAUCOAd2020-02-11l1o581.1 BLE/PLpKAU-COA-32838r2021-09-29 00:00:00s2021-09-29w2020-02-11yBK